Sklep na C - Statystyki

Ogólne statystyki
  • Ten quiz został rozwiązany 35 razy
  • Średni wynik to 3 z 6
Statystyki odpowiedzi
Odpowiedź % Poprawnych
C&A
91%
Carrefour
74%
Castorama
43%
Cropp
39%
Calvin Klein
13%
Chata Polska
9%
Nie znaleziono quizów pasujących do podanych kryteriów
Rozkład punktacji
Procent ludzi z każdym wynikiem
Percentyl według liczby udzielonych odpowiedzi
Twoja historia wyników
Nie rozwiązałeś tego quizu